| 000 | 00541nam a2200217 a 4500 | ||
|---|---|---|---|
| 001 | BRL_550 | ||
| 005 | 20190320210809.0 | ||
| 008 | 020913s1946----mx-a######---#000-0dspa-# | ||
| 041 | _aspa | ||
| 044 | _amx | ||
| 050 | 4 |
_aML160 _b.I58 1946 |
|
| 110 | 2 |
_aBACARDI y CIA _924268 |
|
| 245 | 1 | 0 | _aInvitación a la Música |
| 260 |
_aMéxico _bBACARDI y CIA _c1946 |
||
| 300 |
_a319 p. _bil. _c17 cm. |
||
| 500 | _aAu573 | ||
| 504 | _aBibliografía: p. 313 | ||
| 650 | 1 | 4 |
_aMúsica _xHistoria y crítica _915404 |
| 902 | _aGRL | ||
| 942 |
_2lcc _cB |
||
| 999 |
_c9362 _d9362 |
||